000 00323nam a22001337a 4500
008 170504b xxu||||| |||| 00| 0 eng d
020 _a9781422474334
041 _aeng
080 _26 ED
_a34
100 _a13
101 _aSHJ
245 _aFEDERAL RULIES OF EVIDENCE RULES LEGISLATIVE
_cDUANE.J.J
942 _2udc
_cBK
999 _c12615
_d12615